000 00665nam a2200241Ia 4500
003 OSt
005 20220918202114.0
006 a|||||r|||| 00| 0
007 ta
008 220917b |||||||| |||| 00| 0 eng d
024 _a98,831
037 _cTextual
040 _aARTS
_cARTS
_beng
041 _2eng
_aeng
082 _aV2:51.N 3<--L7, M5
100 _aZacharis H C E
_9102289
245 0 _aAspects of social and political revolution in India
260 _aDelhi
_bAnmol Publications
_c1985
300 _a304p.
_ccm.
650 _aHISTORY
942 _hV2:51.N 3<--L7, M5
_cTEXL
_2CC
999 _c222415
_d222415